000 00630nam a2200217Ia 4500
999 _c56472
_d56472
001 23585
003 GE_BSU
005 20191007114536.0
008 181216s2007||||en |||||||||||||| ||eng||
020 _a9780262062664
040 _cGE_BSU
041 _aeng
080 _a72:745 M-40
100 _aMatthew, Frederick
_94566
245 _a101 Things I Learned in Architecture School /
_cFrederick Matthew.
264 _aCambridge :
_bThe Mit Press,
_c2007.
300 _a101 p.:
_b ill ;
_c 14 cm.
653 _a101 Things I Learned in Architecture School
653 _aარქიტექტურა
942 _cBK
_2udc